| 000 | 02313nam a2200457Ia 4500 | ||
|---|---|---|---|
| 001 | dia_1730 | ||
| 003 | CHAP | ||
| 005 | 20240502091742.0 | ||
| 007 | ta | ||
| 008 | 220117s2016 mx bdeof 001 0 spa d | ||
| 040 |
_amxchpua _cCHAP |
||
| 090 |
_aT.C.690 _bL67 EIUPA _c2016 |
||
| 245 | 1 | 0 |
_aEmpacadora de hortalizas El Porvenir, S. A. de C. V. / _ccoordinador Vicente López Bautista ; colaboradores Adan Aguirre Maldonado...[y otros] |
| 260 |
_aMéxico : _bEl autor, _c2016 |
||
| 300 |
_a100 hojas : _bilustraciones, tablas, gráficas, mapas, planos, fotos |
||
| 336 |
_2rdacontent _atexto _btxt |
||
| 337 |
_2rdamedia _ano mediado _bn |
||
| 338 |
_2rdacarrier _avolumen _bnc |
||
| 500 | _aGrado 7° Grupo 2 | ||
| 502 |
_aViaje de estudio _b(EIUPA) -- _cUACh. Departamento de Ingeniería Agroindustrial, _d2016 |
||
| 504 | _aIncluye bibliografía | ||
| 505 | 0 | 0 | _acontiene 5 planos : -- 1.Descargar plano máquinas -- 2.Descargar plano DTI -- 3.Descargar plano distribución de áreas plata baja -- 4.Descargar plano distribución de áreas planta alta -- 5.Descargar plano de diagrama de flujo |
| 650 | 1 | 3 |
_aEnvasado de alimentos _9147758 |
| 650 | 1 | 3 |
_aVerduras _9150530 |
| 650 | 1 | 3 |
_aFood packaging _9147981 |
| 650 | 1 | 3 |
_aVegetables _9151359 |
| 700 | 1 |
_aLópez Bautista, Vicente _9147030 _ecoordinador |
|
| 700 | 1 |
_aAguirre Maldonado, Adan _9135028 _ecolaborador |
|
| 856 | 4 | 1 |
_uhttp://10.13.5.2/ve/TC690EIUPA/TC690EIUPA2016-REPORTE.pdf _yDESCARGAR REPORTE |
| 856 | 4 | 1 |
_uhttp://10.13.5.2/ve/TC690EIUPA/TC690EIUPA2016-PLANO-MAQUINAS.pdf _yDESCARGAR PLANO MÁQUINAS |
| 856 | 4 | 1 |
_uhttp://10.13.5.2/ve/TC690EIUPA/TC690EIUPA2016-PLANO-DTI.pdf _yDESCARGAR PLANO DTI |
| 856 | 4 | 1 |
_uhttp://10.13.5.2/ve/TC690EIUPA/TC690EIUPA2016-PLANO-DISTRIBUCIONDEAREASPLANTABAJA.pdf _yDESCARGAR PLANO DISTRIBUCIÓN DE ÁREAS PLATA BAJA |
| 856 | 4 | 1 |
_uhttp://10.13.5.2/ve/TC690EIUPA/TC690EIUPA2016-PLANO-DISTRIBUCIONDEAREASPLANTAALTA.pdf _yDESCARGAR PLANO DISTRIBUCIÓN DE ÁREAS PLANTA ALTA |
| 856 | 4 | 1 |
_uhttp://10.13.5.2/ve/TC690EIUPA/TC690EIUPA2016-PLANO-DIAGRAMADEFLUJO.pdf _yDESCARGAR PLANO DE DIAGRAMA DE FLUJO |
| 901 | _aT.C.690 L67 EIUPA 2016 | ||
| 902 | _aM | ||
| 905 | _a5232272016 mx embl8223123312spa16 | ||
| 942 | _2local | ||
| 942 | _cVE | ||
| 999 |
_c172309 _d172309 |
||